[Event "Kazan op"]
[Site "Kazan"]
[Date "2010.11.29"]
[Round "7"]
[White "Borisov, Artur"]
[Black "Ibragimov, Oleg"]
[Result "1/2-1/2"]
[WhiteElo "1953"]
[BlackElo "2141"]
[PlyCount "41"]
[EventDate "2010.11.22"]
[EventType "swiss"]
[EventRounds "9"]
[EventCountry "RUS"]
[SourceTitle "CBM 139 Extra"]
[Source "ChessBase"]
[SourceDate "2011.01.05"]
[SourceVersion "1"]
[SourceVersionDate "2011.01.05"]
[SourceQuality "1"]

1. e4 c6 2. d4 d5 3. e5 Bf5 4. Nf3 e6 5. Be2 c5 6. 0-0 Nc6 7. c3 a5 8. Bd3 Bxd3 9. Qxd3 Qb6 10. dxc5 Bxc5 11. a4 Nge7 12. Na3 Ng6 13. Qb5 0-0 14. Qe2 d4 15. Nb5 Rad8 16. Qe4 dxc3 17. bxc3 Rd5 18. Bf4 Qd8 19. Bg3 Qe7 20. h3 Rfd8 21. Rfe1 1/2-1/2

[Event "Kazan op"]
[Site "Kazan"]
[Date "2010.11.25"]
[Round "4"]
[White "Gubaydullin, Karim"]
[Black "Borisov, Artur"]
[Result "0-1"]
[WhiteElo "1714"]
[BlackElo "1953"]
[PlyCount "56"]
[EventDate "2010.11.22"]
[EventType "swiss"]
[EventRounds "9"]
[EventCountry "RUS"]
[SourceTitle "CBM 139 Extra"]
[Source "ChessBase"]
[SourceDate "2011.01.05"]
[SourceVersion "1"]
[SourceVersionDate "2011.01.05"]
[SourceQuality "1"]

1. c4 Nf6 2. Nc3 e5 3. g3 d5 4. cxd5 Nxd5 5. Bg2 Nb6 6. Nf3 Nc6 7. 0-0 Be7 8. d3 0-0 9. Be3 Be6 10. Qd2 Nd5 11. Nxd5 Bxd5 12. b3 a5 13. Qd1 Ra6 14. Nd2 Bxg2 15. Kxg2 Nb4 16. Nc4 Qd5+ 17. Kg1 b5 18. Nd2 Rc6 19. Rc1 Nxa2 20. Rxc6 Qxc6 21. Qa1 Nc3 22. Re1 Bb4 23. Qb2 Qd5 24. Qa1 Ra8 25. Qb2 h6 26. Qa1 a4 27. bxa4 Rxa4 28. Qb2 c5 0-1

[Event "Nezhmetdinov Memorial 32nd"]
[Site "Kazan"]
[Date "2010.06.06"]
[Round "7"]
[White "Borisov, Artur"]
[Black "Gabaidulina, Olga"]
[Result "0-1"]
[WhiteElo "1996"]
[BlackElo "1857"]
[PlyCount "32"]
[EventDate "2010.05.31"]
[EventType "swiss"]
[EventRounds "9"]
[EventCountry "RUS"]
[SourceTitle "CBM 136 Extra"]
[Source "ChessBase"]
[SourceDate "2010.07.02"]
[SourceVersion "2"]
[SourceVersionDate "2010.07.15"]
[SourceQuality "1"]

1. e4 e5 2. Nf3 Nc6 3. Bb5 a6 4. Ba4 Nf6 5. 0-0 Be7 6. Re1 b5 7. Bb3 0-0 8. c3 d6 9. h3 Na5 10. Bc2 c5 11. d4 Qc7 12. Nbd2 cxd4 13. cxd4 Nc6 14. Nf1 exd4 15. Nxd4 Nxd4 16. Bd3 Ne6 0-1